El árbol del conocimiento : (Record no. 167486)

MARC details
000 -CABECERA
campo de control de longitud fija 00737nam a2200217 u 4500
005 - FECHA Y HORA DE LA ÚLTIMA TRANSACCIÓN
campo de control 20240215063654.0
008 - ELEMENTOS DE LONGITUD FIJA--INFORMACIÓN GENERAL
campo de control de longitud fija 140129s2003 ag r 000 0 spa d
020 ## - NÚMERO INTERNACIONAL NORMALIZADO PARA LIBROS
Número Internacional Estándar del Libro 9870003583
035 ## - NÚMERO DE CONTROL DEL SISTEMA
Número de control de sistema UPN01000195385
049 ## - COLECCIÓN
Colección CG
050 #4 - SIGNATURA TOPOGRÁFICA DE LA BIBLIOTECA DEL CONGRESO
Número de clasificación QP381
Número de documento/Ítem M3.3a
100 1# - ASIENTO PRINCIPAL--NOMBRE PERSONAL
Nombre de persona Maturana, Humberto
9 (RLIN) 34696
245 13 - MENCIÓN DE TÍTULO
Título El árbol del conocimiento :
Resto del título las bases biológicas del conocimiento humano /
Mención de responsabilidad, etc. Humberto Maturana R., Francisco Varela G.
260 ## - PUBLICACIÓN, DISTRIBUCIÓN, ETC.
Lugar de publicación, distribución, etc. Buenos Aires :
Nombre del editor, distribuidor, etc. Lumen,
Fecha de publicación, distribución, etc. 2003.
300 ## - DESCRIPCIÓN FÍSICA
Extensión 172 p. :
Otras características físicas il., figs.
650 #4 - ASIENTO SECUNDARIO DE MATERIA - TERMINO TEMATICO
Término de materia o nombre geográfico como elemento de entrada CEREBRO -
Subdivisión general LOCALIZACION DE FUNCIONES
9 (RLIN) 7880
650 #4 - ASIENTO SECUNDARIO DE MATERIA - TERMINO TEMATICO
Término de materia o nombre geográfico como elemento de entrada Teoría del conocimiento
9 (RLIN) 1707
700 1# - ASIENTO SECUNDARIO--NOMBRE DE PERSONAL
Nombre de persona Varela García, Francisco Javier,
Fechas asociadas al nombre 1946-2001
Término indicativo de función/relación coaut.
9 (RLIN) 32247
905 ## - TIPO DE MATERIAL
Tipo de material Libro
Holdings
Estado de retiro Estado de pérdida Fuente del sistema de clasificación o colocación Estado dañado No para préstamo Código de colección Localización permanente Ubicación/localización actual Ubicación en estantería Fecha de adquisición Total de préstamos Clasificación Código de barras Fecha visto por última vez Fecha del último préstamo Número de copia Tipo de ítem Koha
    Library of Congress Classification     Colección General Bib. Gregorio Torres Quintero Bib. Gregorio Torres Quintero Planta baja 22/08/2022 11 QP381 M3.3a 293453 27/09/2022 12/09/2022 1 Libro